The Delhi college (Record no. 3467)
[ view plain ]
| 000 -LEADER | |
|---|---|
| fixed length control field | 01301 a2200241 4500 |
| 010 ## - LCCN (DPL NO) | |
| LC control number | ENG-85783 B-430993-994 |
| 020 ## - INTERNATIONAL STANDARD BOOK NUMBER | |
| International Standard Book Number | 0195677234 |
| Terms of availability | 625.00 |
| 035 ## - SYSTEM CONTROL NUMBER | |
| System control number | EN-69316 B-430993-994 |
| 037 ## - SOURCE OF ACQUISITION | |
| Source of stock number/acquisition | D.B.Act / PUB |
| 037 ## - SOURCE OF ACQUISITION | |
| Source of stock number/acquisition | Allied Pub /Ven |
| 082 14 - DEWEY DECIMAL CLASSIFICATION NUMBER | |
| Classification number | 378.1542 |
| 245 1# - TITLE STATEMENT | |
| Title | The Delhi college |
| Remainder of title | traditional elites, the colonial state and educational before 1857 |
| 260 ## - PUBLICATION, DISTRIBUTION, ETC. (IMPRINT) | |
| Place of publication, distribution, etc | New Delhi |
| Name of publisher, distributor, etc | Oxford University Press |
| Date of publication, distribution, etc | 2006 |
| 270 ## - ADDRESS | |
| Address | YMCA Library Building, Jai Singh Road, |
| City | New Delhi, Akshaya Prakashan |
| State or province | Delhi |
| Postal code | 110 001 |
| 300 ## - PHYSICAL DESCRIPTION | |
| Extent | x, 340p. |
| Dimensions | 23cm (Hb) |
| 500 ## - GENERAL NOTE | |
| General note | Includes index |
| 700 ## - ADDED ENTRY--PERSONAL NAME | |
| Personal name | Pernan, Margrit |
| 9 (RLIN) | 29009 |
| 942 ## - ADDED ENTRY ELEMENTS (KOHA) | |
| Institution code [OBSOLETE] | dpl |
| Item type | English Books |
| Call number prefix | 378.1542 / DEL |
| Source of classification or shelving scheme | Dewey Decimal Classification |
| Classification part | 378.1542 |
| Call number suffix | DEL |
| Withdrawn status | Lost status | Not for loan | Collection code | Home library | Current library | Source of acquisition | Cost, normal purchase price | Full call number | Barcode | Copy number | Cost, replacement price | Koha item type | Date acquired |
|---|---|---|---|---|---|---|---|---|---|---|---|---|---|
| Non-fiction | Central Library | Central Library | Allied Pub/2951/29.3.11/78/14.3.11/31.3.11 | 625.00 | 378.1542 DEL | B-430993 | 1 | 625.00 | English Books | 30/06/2011 | |||
| Not For Loan | Non-fiction | D.B.Act.Division | D.B.Act.Division | DBAD/PUB | 625.00 | 378.1542 DEL | EN-69316 | 1 | 625.00 | English Books | |||
| Non-fiction | Sarojini Nagar | Sarojini Nagar | Allied Pub/2951/29.3.11/78/14.3.11/31.3.11 | 625.00 | 378.1542 DEL | B-430994 | 1 | 625.00 | English Books | 30/06/2011 |
